000 00355nam a22001337a 4500
020 _a8131701573
082 _222
_a658.21
100 _aRobbins, Stephen P and Decenzo, David A.
245 _aFundamentals of management /
250 _a5th.
260 _aNew Delhi,
_bPerson education,
_cc2007.
300 _a573 p. ;
_bill. ;
_c28 cm.
942 _2ddc
_cMAG
_013
999 _c274
_d274